Impara a dire no. (Record n. 360504)
[ formato base ]
| 000 -LEADER | |
|---|---|
| campo di controllo lung. fissa | 01431nam a22002177a 4500 |
| 003 - Identificatore del numero di controllo | |
| campo di controllo | IT-MiCISF |
| 005 - Data e orario dell'ultima transazione | |
| campo di controllo | 20251121131337.0 |
| 008 - Elementi di lunghezza fissa--Informazione generale | |
| campo di controllo lung. fissa | 251121b |||||||| |||| 00| 0 eng d |
| 020 ## - ISBN (International Standard Book Number) | |
| ISBN (International Standard Book Number) | 9788817187664 |
| 040 ## - Fonte della catalogazione | |
| Agenzia che fa la trascrizione | IT-MiCISF |
| 041 ## - Codice di lingua | |
| Codice di lingua del testo/traccia sonora o titolo separato | it |
| 100 ## - Accesso principale -- nome di persona | |
| Nome di persona | Cirillo Severino, Denti Claudia |
| 9 (RLIN) | 62119 |
| 245 ## - Formulazione del titolo | |
| Titolo | Impara a dire no. |
| Complemento del titolo | Per crescere figli felici |
| 260 ## - Pubblicazione, distribuzione, ecc. (stampa) | |
| Luogo di pubblicazione, distribuzione, ecc. | Milano, |
| Nome dell'editore, distributore, ecc. | Rizzoli, |
| Data di pubblicazione, distribuzione, ecc. | 2024 |
| 300 ## - Descrizione fisica | |
| Estensione | pp. 223 |
| 500 ## - Nota generale | |
| Nota generale | genitorialità, educazione-genitori, nuovi-media, esperienze, comportamento, filosofia<br/> |
| 520 ## - Riassunto, ecc. | |
| Nota di riassunto, ecc. | No alle scorciatoie educative, no ai compromessi, no a tutte quelle soluzioni che nel tempo sappiamo di non poter sostenere. Saper dire no significa capire non solo quando e come è necessario farlo, ma anche quando invece è meglio dare più peso al sì, e alla libertà. Significa adottare un progetto educativo che rispetti tutte le parti in causa e sia in grado di preparare i nostri bambini ad affrontare la complessità del mondo in cui viviamo. La sintesi di questo metodo è la disciplina UMAMI, che si basa sui principi di Unicità, Maturità, Autenticità, Meraviglia e Indipendenza, concentrandosi prima di tutto sul genitore: soltanto un padre e una madre che avranno fatto propri questi valori riusciranno a trasmetterli ai figli e sapranno rispondere alle loro esigenze aiutandoli a crescere felici. |
| 650 ## - Accesso aggiunto di soggetto--termine topico | |
| Termine topico o nome geografico come accesso | Genitorialità |
| 654 ## - Accesso aggiunto di soggetto--termini topici faccettati | |
| Termine principale | saggio |
| 942 ## - Dati aggiuntivi (Koha) | |
| Fonte della classificazione o dello schema di collocazione (segnatura) | Dewey Decimal Classification |
| Tipo copia default (Koha) | LIBRO |
| Ritirato (status) | Perso (status) | Fonte della classificazione o dello schema di collocazione (segnatura) | Danneggiato (status) | Non per il presito | Biblioteca proprietaria | Biblioteca in cui si trova | Data d'acquisizione | Totale prestiti | Collocazione | Codice a barre | Data ultima operazione | Prezzo in vigore dal | Tipo copia default (Koha) |
|---|---|---|---|---|---|---|---|---|---|---|---|---|---|
| Dewey Decimal Classification | Buone Condizioni | Not For Loan | CISF - Milano | CISF - Milano | 21/11/2025 | B7903 | 9788817187664 | 21/11/2025 | 21/11/2025 | LIBRO |